000 00684nam a2200181 i 4500
001 168232
003 ES-MaACL
005 20231229063056.0
008 010312s1888 sp |||| | spa d
100 1 _aZorrilla, José,
_d1817-1893
_9118354
245 1 0 _aMi última brega (los rincones de Valladolid) /
_cJosé Zorrilla.
260 _aValladolid :
_b[s.n.],
_c1888 (
_fImp. de Eduardo Sáenz)
300 _a32 p. ;
_c20 cm.
530 _aDisponible en formato digital.
852 _aES-MaACL
_jL-4905(12-6)
_z- Enc. hol.
856 _uhttp://bibliotecadigital.jcyl.es/i18n/consulta/registro.cmd?id=1050
_zBiblioteca Digital de Castilla y León
999 _c168232
_d168232